Sports Quiz

Random Sports Quiz

2015 ABC BattleBots Quiz Stats

 Plays Quiz not verified by Sporcle

Score 0/24 Timer 05:00
0 Plays Today
Televised record Bots % Correct
4-1Tombstone
98.8%
5-0Bite Force
97%
3-1Bronco
95.2%
1-2Witch Doctor
93.9%
3-1Ghost Raptor
90.9%
2-1Icewave
90.3%
2-1Stinger
90.3%
1-2Overhaul
84.8%
1-1Plan X
83.6%
1-1Radioactive
83.6%
0-1Nightmare
83.6%
0-2Chomp
83%
Televised record Bots % Correct
0-2Warhead
81.8%
1-1Warrior Clan
79.4%
0-1Wrecks
79.4%
1-1Lockjaw
78.2%
1-1Overdrive
77.6%
0-1Complete Control
76.4%
0-1Sweet Revenge
72.7%
1-1Hypershock
72.1%
0-1Counter Revolution
67.9%
0-1Razorback
66.1%
0-1Captain Shrederator
66.1%
0-1Mohawk
64.8%

You're not logged in!

Compare scores with friends on all Sporcle quizzes.
OR
Log In

Show Comments

Extras

Created Apr 17, 2016ReportNominate
Tags:2015, abc, bot, record, televised

Top Quizzes Today


Score Distribution

Your Account Isn't Verified!

In order to create a playlist on Sporcle, you need to verify the email address you used during registration. Go to your Sporcle Settings to finish the process.

Report this User

Report this user for behavior that violates our Community Guidelines.

Details: